Les transferts sortants de Jupiler Pro League à plus de 10 millions - Statistiques

Statistiques générales
  • Ce quiz a été pris 54 fois
    12 depuis la dernière actualisation
  • Le résultat moyen est 25 sur 82
Statistiques - réponses
Club vendeur Club acheteur Montant Joueur % Correct
Anderlecht Rennes 26M Doku
100%
Bruges AC Milan 36M Jashari
91%
Gand Lille 27M David
82%
Anderlecht AS Monaco 25M Tielemans
82%
Bruges Brentford 33M Thiago
73%
Bruges Brighton 20M De Cuyper
64%
Bruges AC Milan 37,5M De Ketelaere
64%
Charleroi Lille 22,4M Osimhen
64%
Antwerp Atletico Madrid 20M Vermeeren
64%
Union Saint Gilloise Bayer Leverkusen 22,6M Boniface
55%
Standard de Liège Everton 21,76M Fellaini
55%
Union Saint Gilloise Benfica 22,8M Ivanović
55%
Antwerp Manchester United 21M Lammens
55%
Union Saint Gilloise Sunderland 17M Sadiki
55%
Union Saint Gilloise Wolfsburg 14,75M Amoura
45%
Genk Wolverhampton 26M Arokodare
45%
Anderlecht Sporting Lisbonne 15,5M Debast
45%
Anderlecht Wolverhampton 13,8M Dendoncker
45%
Anderlecht Chelsea 15M Lukaku
45%
Anderlecht Al-Ittihad 15M Simić
45%
Bruges Sunderland 20M Talbi
45%
OHL RB Leipzig 16M Banzuzi
36%
Genk Sheffield United 25M Berge
36%
Cercle Bruges Cincinnati 15,3M Denkey
36%
Gand Lille 10M Fernandez-Pardo
36%
Anderlecht Hambourg 10,5M Kompany
36%
Bruges Bayer Leverkusen 23M Kossounou
36%
Bruges RB Leipzig 21M Nusa
36%
Bruges RC Lens 15,39M Openda
36%
Genk Chelsea 20M Penders
36%
Bruges Strasbourg 20M Sylla
36%
Bruges Aston Villa 25M Wesley
36%
Anderlecht Sunderland 17,34M Angulo
27%
Bruges Séville 10M Bacca
27%
Genk Bayer Leverkusen 16,7M Bailey
27%
Standard de Liège Southampton 15,7M Djenepo
27%
Genk Leicester 22.5M El Khannouss
27%
Gand Lyon 19,5M Fofana
27%
Bruges AS Monaco 16,7M Krepin Diatta
27%
Bruges PSV Eindhoven 12,5M Lang
27%
Genk Leicester 17,6M Ndidi
27%
Genk Southampton 18M Onuachu
27%
Union Saint Gilloise Al-Qadsiah 15,3M Puertas
27%
Anderlecht Arsenal 17,5M Sambi Lokonga
27%
Bruges Wolfsburg 14M Skov Olsen
27%
Westerlo Saint-Etienne 10M Stassin
27%
Genk Brighton 15,56M Trossard
27%
Standard de Liège Inter Milan 16,2M Vanheusden
27%
Anderlecht Brighton 20M Verbruggen
27%
Gand Chicago Fire 11M Cuypers
18%
Anderlecht Ajax 10M Dolberg
18%
Antwerp Al-Ittihad 16M Doumbia
18%
Anderlecht Manchester City 15M Gomez
18%
Antwerp AS Monaco 18,75M Ilenikhena
18%
Standard de Liège Ajax Amsterdam 12,5M Marin
18%
Bruges Hoffenheim 12M Nsoki
18%
Genk Aston Villa 10,5M Samatta
18%
Genk Burnley 18M Trésor
18%
Genk RB Leipzig 10M Vandevoordt
18%
Gand Benfica 17M Yaremchuk
18%
Genk Al-Qadsiah 17M Bonsu Baah
9%
Bruges Bournemouth 16,7M Danjuma
9%
Ostende Wolfsburg 11,5M Dimata
9%
Westerlo Burnley 11M Foster
9%
Bruges Brentford 10M Furo
9%
Gand Reims 10M Ito
9%
Bruges Brighton 18M Izquierdo
9%
Antwerp Parme 11,9M Keita
9%
Genk Atalanta Bergame 13,6M Malinovskyi
9%
Anderlecht Newcastle 12M Mbemba
9%
Anderlecht Dinamo Kiev 11M Mbokani
9%
Genk Lazio 12M Milinkovic-Savic
9%
Anderlecht Newcastle 18,5M Mitrovic
9%
Bruges Aston Villa 12M Nakamba
9%
Gand Reims 10M Okumu
9%
Gand Lyon 14M Orban
9%
Antwerp Francfort 13,65M Pacho
9%
Genk Sassuolo 10,15M Thorstvedt
9%
Antwerp Ajax Amsterdam 12,5M Avila
0%
Anderlecht Dortmund 10,5M Koller
0%
Genk Atalanta Bergame 13,7M Maelhe
0%
Standard de Liège Marseille 11,5M Van Buyten
0%
Aucun quiz correspondant
Distribution des résultats
% des personnes avec chaque résultat
Percentile par nombre de réponses
Votre historique - résultats
Vous n’avez pas pris ce quiz depuis la dernière actualisation